Statistics for Asian Countries that Visit the United States the Most

Click here to take the quiz!

General Stats

  • This quiz has been taken 91 times
  • The average score is 6 of 10

Answer Stats

Visitors Country % Correct
3,985,785Japan
99%
3,264,362China
95%
2,191,485South Korea
81%
1,967,181India
78%
514,994Taiwan
49%
449,501Philippines
38%
464,862Israel
35%
260,262Saudi Arabia
28%
242,419Turkey
28%
159,907Singapore
20%

Score Distribution

Percentile by Number Answered

Percent of People with Each Score

Your Score History

You have not taken this quiz